[Event "Sachsen-Anhalt Verbandsliga 1920"]
[Site "Sachsen Anhalt"]
[Date "2020.10.18"]
[Round "9.2"]
[White "Pichler, Manfred"]
[Black "Marx, Philipp"]
[Result "1/2-1/2"]
[WhiteElo "1923"]
[BlackElo "1876"]
[PlyCount "111"]
[EventDate "2019.09.29"]
[EventType "team-tourn"]
[EventRounds "9"]
[EventCountry "GER"]
[SourceTitle "EXT 2023"]
[Source "ChessBase"]
[SourceDate "2022.10.05"]
[SourceVersion "1"]
[SourceVersionDate "2022.10.05"]
[SourceQuality "1"]
[WhiteTeam "Halle USV II"]
[BlackTeam "Magdeburg SC Norbertus"]
[WhiteTeamCountry "GER"]
[BlackTeamCountry "GER"]

1. e4 b6 2. d4 Bb7 3. Bd3 e6 4. Nf3 Nf6 5. Qe2 d5 6. e5 Nfd7 7. Bg5 Be7 8. h4 c5 9. c3 Nc6 10. Nbd2 cxd4 11. cxd4 Nb4 12. 0-0 Nxd3 13. Qxd3 Rc8 14. Rac1 Bxg5 15. Nxg5 h6 16. Ngf3 0-0 17. Rc3 Rxc3 18. Qxc3 Qb8 19. Nb1 Rc8 20. Qd2 Qc7 21. Nc3 Qc4 22. Rc1 Ba6 23. a3 Nf8 24. Ne1 Ng6 25. g3 Ne7 26. Nc2 Nf5 27. Rd1 Qb3 28. Nb4 Bb7 29. Qe2 Qc4 30. Qd3 a5 31. Nc2 Ba6 32. Qxc4 Bxc4 33. Ne3 g6 34. Nxf5 gxf5 35. f4 f6 36. Kf2 fxe5 37. fxe5 Kf7 38. Rc1 Rb8 39. Nd1 b5 40. Ne3 b4 41. Nxc4 dxc4 42. Rxc4 bxa3 43. bxa3 Rb2+ 44. Ke3 Rb3+ 45. Kf4 Rxa3 46. Rc7+ Ke8 47. Rh7 h5 48. Rxh5 a4 49. Rh6 Kf7 50. Rh7+ Kf8 51. h5 Rd3 52. Rd7 a3 53. h6 Kg8 54. Rd8+ Kh7 55. Rd7+ Kg8 56. Rd8+ 1/2-1/2

[Event "Sachsen-Anhalt Verbandsliga 1920"]
[Site "Sachsen Anhalt"]
[Date "2020.01.19"]
[Round "5.1"]
[White "Tobiska, Jens"]
[Black "Pichler, Manfred"]
[Result "1-0"]
[WhiteElo "2200"]
[BlackElo "1923"]
[PlyCount "61"]
[EventDate "2019.09.29"]
[EventType "team-tourn"]
[EventRounds "9"]
[EventCountry "GER"]
[SourceTitle "EXT 2023"]
[Source "ChessBase"]
[SourceDate "2022.10.05"]
[SourceVersion "1"]
[SourceVersionDate "2022.10.05"]
[SourceQuality "1"]
[WhiteTeam "Magdeburg USC"]
[BlackTeam "Halle USV II"]
[WhiteTeamCountry "GER"]
[BlackTeamCountry "GER"]

1. e4 d5 2. exd5 Qxd5 3. Nc3 Qa5 4. d4 c6 5. Nf3 Nf6 6. Bc4 Bf5 7. Bd2 e6 8. Qe2 Bb4 9. 0-0 Nbd7 10. a3 Bxc3 11. Bxc3 Qc7 12. Rac1 Ne4 13. Be1 Qf4 14. Nd2 Nd6 15. Bb3 Nf6 16. Qe5 Nh5 17. g3 Qxe5 18. dxe5 Nb5 19. f3 Nd4 20. Kf2 Bh3 21. Rg1 0-0-0 22. Ne4 Rd7 23. Bc3 Nb5 24. Ke3 Nxc3 25. bxc3 g6 26. g4 Ng7 27. Rg3 f5 28. exf6 Nf5+ 29. Kf2 Nxg3 30. Kxg3 Bxg4 31. fxg4 1-0

[Event "Sachsen-Anhalt Verbandsliga 1920"]
[Site "Sachsen Anhalt"]
[Date "2019.12.08"]
[Round "4.1"]
[White "Praczyk, Karl"]
[Black "Pichler, Manfred"]
[Result "0-1"]
[WhiteElo "1973"]
[BlackElo "1923"]
[PlyCount "60"]
[EventDate "2019.09.29"]
[EventType "team-tourn"]
[EventRounds "9"]
[EventCountry "GER"]
[SourceTitle "EXT 2023"]
[Source "ChessBase"]
[SourceDate "2022.10.05"]
[SourceVersion "1"]
[SourceVersionDate "2022.10.05"]
[SourceQuality "1"]
[WhiteTeam "Coethen Germania"]
[BlackTeam "Halle USV II"]
[WhiteTeamCountry "GER"]
[BlackTeamCountry "GER"]

1. e4 d5 2. exd5 Qxd5 3. Nc3 Qa5 4. b4 Qxb4 5. Rb1 Qd6 6. Nf3 Nf6 7. d4 c6 8. Bc4 b5 9. Bxb5 cxb5 10. Nxb5 Qd8 11. Bf4 Nd5 12. Bg3 a6 13. Na7 Rxa7 14. Rxb8 Rb7 15. Ra8 Nc7 16. Bxc7 Rxc7 17. 0-0 Qd5 18. Rb8 e6 19. Ne5 Qxa2 20. Qf3 Qd5 21. Qf4 Qd8 22. d5 Bd6 23. Qa4+ Kf8 24. Nc4 Rxc4 25. Qxc4 Bxb8 26. Rd1 Qc7 27. Qh4 Qxh2+ 28. Qxh2 Bxh2+ 29. Kxh2 exd5 30. Rxd5 Ke7 0-1

[Event "Sachsen-Anhalt Verbandsliga 18/19"]
[Site "Sachsen Anhalt"]
[Date "2019.03.24"]
[Round "7.5"]
[White "Pichler, Manfred"]
[Black "Bundrock, Thomas"]
[Result "1-0"]
[WhiteElo "2017"]
[BlackElo "2180"]
[PlyCount "75"]
[EventDate "2018.10.21"]
[EventType "team-tourn"]
[EventRounds "9"]
[EventCountry "GER"]
[SourceTitle "EXT 2022"]
[Source "ChessBase"]
[SourceDate "2021.10.06"]
[SourceVersion "1"]
[SourceVersionDate "2021.10.06"]
[SourceQuality "1"]
[WhiteTeam "Halle USV II"]
[BlackTeam "Magdeburg USC"]
[WhiteTeamCountry "GER"]
[BlackTeamCountry "GER"]

1. e4 d5 2. exd5 Nf6 3. Bb5+ Bd7 4. Be2 Nxd5 5. d4 Bf5 6. Nf3 e6 7. 0-0 Be7 8. a3 a5 9. c4 Nb6 10. Nc3 0-0 11. Be3 c6 12. Qb3 Qc7 13. g3 N8d7 14. Bf4 Qc8 15. Rac1 a4 16. Qd1 Rd8 17. Nd2 e5 18. dxe5 Nc5 19. Be3 Qe6 20. g4 Bd3 21. Bxd3 Rxd3 22. Qe2 Rad8 23. Nde4 Nxe4 24. Nxe4 Nxc4 25. Bg5 Bxg5 26. Nxg5 Qxe5 27. Qxe5 Nxe5 28. Rc2 Nxg4 29. Rc4 R3d4 30. Rxd4 Rxd4 31. Re1 Nf6 32. Re7 Rd7 33. Re2 Rd4 34. Nf3 g6 35. Kg2 Rg4+ 36. Kf1 Re4 37. Rd2 Nd5 38. Nd4 1-0

[Event "Sachsen-Anhalt Verbandsliga 18/19"]
[Site "Sachsen Anhalt"]
[Date "2018.12.16"]
[Round "4.3"]
[White "David, Rene"]
[Black "Pichler, Manfred"]
[Result "1/2-1/2"]
[WhiteElo "2213"]
[BlackElo "2017"]
[PlyCount "42"]
[EventDate "2018.10.21"]
[EventType "team-tourn"]
[EventRounds "9"]
[EventCountry "GER"]
[SourceTitle "EXT 2022"]
[Source "ChessBase"]
[SourceDate "2021.10.06"]
[SourceVersion "1"]
[SourceVersionDate "2021.10.06"]
[SourceQuality "1"]
[WhiteTeam "Coethen Germania"]
[BlackTeam "Halle USV II"]
[WhiteTeamCountry "GER"]
[BlackTeamCountry "GER"]

1. d4 d5 2. c4 c6 3. Nc3 Nf6 4. Nf3 e6 5. g3 Nbd7 6. Bg2 Be7 7. 0-0 0-0 8. b3 b6 9. Bb2 Bb7 10. cxd5 cxd5 11. Rc1 Rc8 12. Rc2 a6 13. Qd3 b5 14. Rfc1 h6 15. Nd2 Nb6 16. Nd1 Qd7 17. Nf3 Rxc2 18. Rxc2 Rc8 19. Ne5 Qe8 20. Qd2 Rxc2 21. Qxc2 Qc8 1/2-1/2

[Event "Sachsen-Anhalt Verbandsliga 2017/18"]
[Site "Sachsen Anhalt"]
[Date "2018.02.25"]
[Round "6.2"]
[White "Kalkhof, Stefan"]
[Black "Pichler, Manfred"]
[Result "0-1"]
[WhiteElo "2195"]
[BlackElo "2064"]
[PlyCount "84"]
[EventDate "2017.12.22"]
[EventType "team-tourn"]
[EventRounds "9"]
[EventCountry "GER"]
[SourceTitle "EXT 2020"]
[Source "ChessBase"]
[SourceDate "2019.10.17"]
[SourceVersion "1"]
[SourceVersionDate "2019.10.17"]
[SourceQuality "1"]
[WhiteTeam "Loeberitz II"]
[BlackTeam "Halle USV II"]
[WhiteTeamCountry "GER"]
[BlackTeamCountry "GER"]

1. f4 d5 2. Nf3 Nf6 3. g3 g6 4. Bg2 Bg7 5. d3 0-0 6. 0-0 c5 7. Qe1 Nc6 8. a4 b6 9. Na3 Bb7 10. c3 Qd7 11. Rb1 Rfe8 12. b4 cxb4 13. cxb4 Rac8 14. b5 Nd8 15. Bd2 Ng4 16. h3 Nh6 17. Ne5 Qe6 18. e3 f6 19. Nf3 Nf5 20. g4 Nd6 21. Nd4 Qd7 22. f5 e5 23. fxe6 Nxe6 24. Nxe6 Qxe6 25. Qg3 Nf7 26. Rbc1 Bf8 27. Nc2 Bd6 28. Qf2 Qe5 29. Bf3 Ng5 30. Qg2 Nxf3+ 31. Rxf3 Qb2 32. d4 Rxc2 33. Rxc2 Qxc2 34. Rxf6 Qb1+ 35. Rf1 Qe4 36. Qe2 Rf8 37. Rxf8+ Bxf8 38. Qh2 Qf3 39. Be1 Qxe3+ 40. Bf2 Qc1+ 41. Kg2 Qc8 42. Qe5 Qd7 0-1

[Event "Sachsen-Anhalt Verbandsliga 2017/18"]
[Site "Sachsen Anhalt"]
[Date "2017.11.12"]
[Round "2.2"]
[White "Pichler, Manfred"]
[Black "Richter, Andreas1111"]
[Result "1/2-1/2"]
[WhiteElo "2064"]
[BlackElo "1815"]
[PlyCount "43"]
[EventDate "2017.12.22"]
[EventType "team-tourn"]
[EventRounds "9"]
[EventCountry "GER"]
[SourceTitle "EXT 2020"]
[Source "ChessBase"]
[SourceDate "2019.10.17"]
[SourceVersion "1"]
[SourceVersionDate "2019.10.17"]
[SourceQuality "1"]
[WhiteTeam "Halle USV II"]
[BlackTeam "Halle Einheit"]
[WhiteTeamCountry "GER"]
[BlackTeamCountry "GER"]

1. e4 c5 2. b3 e6 3. Bb2 Nf6 4. e5 Nd5 5. c4 Ne7 6. Nf3 Nbc6 7. Na3 a6 8. g3 b6 9. Bg2 Bb7 10. 0-0 Qc7 11. Nc2 Ng6 12. Re1 Be7 13. a3 0-0 14. h4 f5 15. exf6 Bxf6 16. Bxf6 Rxf6 17. Ng5 h6 18. Ne4 Rf7 19. d4 cxd4 20. Nxd4 Raf8 21. Rf1 Nge7 22. Nc2 1/2-1/2

[Event "Oberliga Ost-A 1516"]
[Site "Germany"]
[Date "2015.10.11"]
[Round "3.7"]
[White "Pichler, Manfred"]
[Black "Schuh, Ruediger"]
[Result "1-0"]
[WhiteElo "2111"]
[BlackElo "2056"]
[PlyCount "49"]
[EventDate "2015.09.20"]
[EventType "team-tourn"]
[EventRounds "11"]
[EventCountry "GER"]
[SourceTitle "EXT 2017"]
[Source "ChessBase"]
[SourceDate "2016.10.25"]
[SourceVersion "1"]
[SourceVersionDate "2016.10.25"]
[SourceQuality "1"]
[WhiteTeam "Halle Volksbank"]
[BlackTeam "Hoyerswerda"]
[WhiteTeamCountry "GER"]
[BlackTeamCountry "GER"]

1. e4 c5 2. Nf3 a6 3. b3 e6 4. Bb2 b5 5. a4 b4 6. d4 cxd4 7. Nxd4 Bb7 8. Nd2 Nf6 9. Bd3 Qc7 10. Qe2 Nc6 11. Nxc6 Qxc6 12. f3 Qc7 13. g4 Be7 14. 0-0-0 Rc8 15. Kb1 a5 16. h4 d5 17. h5 h6 18. Nf1 dxe4 19. fxe4 Qf4 20. Nd2 Qxg4 21. Bb5+ Rc6 22. Qc4 0-0 23. Bxc6 Rc8 24. Rhg1 Qh3 25. Qf1 1-0

[Event "Oberliga Ost-A 1415"]
[Site "Germany"]
[Date "2015.01.17"]
[Round "6.7"]
[White "Heinemann, Josefine"]
[Black "Pichler, Manfred"]
[Result "1-0"]
[WhiteElo "2043"]
[BlackElo "2093"]
[PlyCount "43"]
[EventDate "2014.09.21"]
[EventType "team-tourn"]
[EventRounds "11"]
[EventCountry "GER"]
[SourceTitle "EXT 2016"]
[Source "ChessBase"]
[SourceDate "2015.10.08"]
[SourceVersion "1"]
[SourceVersionDate "2015.10.08"]
[SourceQuality "1"]
[WhiteTeam "Magdeburg Aufbau Elbe"]
[BlackTeam "Halle Volksbank"]
[WhiteTeamCountry "GER"]
[BlackTeamCountry "GER"]

1. e4 d5 2. exd5 Qxd5 3. Nc3 Qa5 4. d4 c6 5. Nf3 Nf6 6. Bc4 Bf5 7. Bd2 e6 8. Nd5 Qd8 9. Nxf6+ Qxf6 10. Qe2 Bg4 11. 0-0-0 Nd7 12. d5 cxd5 13. Bxd5 Be7 14. Bxb7 Rb8 15. Qb5 Bxf3 16. gxf3 a6 17. Qc6 0-0 18. Qxd7 Rfd8 19. Qc6 Qd4 20. Be3 Qb4 21. Rxd8+ Rxd8 22. c3 1-0

[Event "Oberliga Ost-B 1314"]
[Site "Germany"]
[Date "2014.04.05"]
[Round "10.5"]
[White "Benninger, Rudolf"]
[Black "Pichler, Manfred"]
[Result "1/2-1/2"]
[WhiteElo "2098"]
[BlackElo "2093"]
[PlyCount "48"]
[EventDate "2013.10.13"]
[EventType "team-tourn"]
[EventRounds "11"]
[EventCountry "GER"]
[SourceTitle "EXT 2015"]
[Source "ChessBase"]
[SourceDate "2014.11.20"]
[SourceVersion "1"]
[SourceVersionDate "2014.11.20"]
[SourceQuality "1"]
[WhiteTeam "Heusenstamm"]
[BlackTeam "Halle"]
[WhiteTeamCountry "GER"]
[BlackTeamCountry "GER"]

1. e4 d5 2. exd5 Qxd5 3. Nc3 Qa5 4. g3 c6 5. Bg2 Nf6 6. Nge2 g6 7. 0-0 Bg7 8. d3 0-0 9. Bd2 Qb6 10. Rb1 Bf5 11. b4 a6 12. h3 h5 13. Be3 Qc7 14. Nd4 Bd7 15. f4 Nd5 16. Nxd5 cxd5 17. Qf3 Nc6 18. Qf2 Rac8 19. Rfc1 Qd6 20. Nxc6 Bxc6 21. Bd4 Rfe8 22. Re1 e6 23. Bxg7 Kxg7 24. Qd4+ f6 1/2-1/2

[Event "Oberliga Ost-B 1314"]
[Site "Germany"]
[Date "2013.11.09"]
[Round "2.6"]
[White "Escher, Helmut"]
[Black "Pichler, Manfred"]
[Result "1-0"]
[WhiteElo "2120"]
[BlackElo "2093"]
[PlyCount "151"]
[EventDate "2013.10.13"]
[EventType "team-tourn"]
[EventRounds "11"]
[EventCountry "GER"]
[SourceTitle "EXT 2015"]
[Source "ChessBase"]
[SourceDate "2014.11.20"]
[SourceVersion "1"]
[SourceVersionDate "2014.11.20"]
[SourceQuality "1"]
[WhiteTeam "Oberursel"]
[BlackTeam "Halle"]
[WhiteTeamCountry "GER"]
[BlackTeamCountry "GER"]

1. Nf3 Nf6 2. d4 d5 3. Bf4 e6 4. e3 c5 5. c3 Nc6 6. Nbd2 Be7 7. Ne5 Nxe5 8. Bxe5 0-0 9. Bd3 Nd7 10. Bg3 f5 11. 0-0 Nf6 12. Nf3 Bd7 13. Ne5 Be8 14. f3 Nh5 15. Bf2 cxd4 16. exd4 Nf4 17. Re1 Bd6 18. Bf1 Qg5 19. g3 Ng6 20. f4 Qe7 21. Nf3 Rf6 22. c4 dxc4 23. Bxc4 Rc8 24. Qb3 Nf8 25. a4 h6 26. d5 Bc5 27. Nd4 Qc7 28. Rac1 exd5 29. Bxd5+ Bf7 30. Qxb7 Qd8 31. Bxf7+ Rxf7 32. Qa6 Rcc7 33. Rcd1 Qb8 34. Qb5 Qa8 35. Qe2 Rce7 36. Qc4 Rc7 37. Qe2 Rce7 38. Qf3 Rxe1+ 39. Rxe1 Qd8 40. Nc6 Bxf2+ 41. Qxf2 Qc7 42. Qc5 Kh7 43. b4 Nd7 44. Qc2 Qb6+ 45. Kg2 a6 46. Qc4 Rf6 47. b5 axb5 48. axb5 Rd6 49. Ne7 Rd2+ 50. Re2 Rxe2+ 51. Qxe2 Qf6 52. Nd5 Qd6 53. Qd3 Qe6 54. Ne3 g6 55. Kf3 Nb6 56. Qd4 Nd7 57. Qd5 Qe7 58. Nc4 Nf6 59. Qe5 Qb7+ 60. Ke2 Qg2+ 61. Kd3 Qf1+ 62. Kc3 Ne4+ 63. Kb4 Qe1+ 64. Ka4 Qd1+ 65. Ka5 Qd8+ 66. b6 Qa8+ 67. Kb5 Kg8 68. Nd6 Nxd6+ 69. Qxd6 Qe8+ 70. Kc5 Qc8+ 71. Kd5 Qa8+ 72. Qc6 Qd8+ 73. Ke6 Qd2 74. b7 Qe3+ 75. Kd6 Qd2+ 76. Qd5+ 1-0

[Event "BL2-Ost 1213"]
[Site "Germany"]
[Date "2013.02.03"]
[Round "6.8"]
[White "Dietrich, Reinhard"]
[Black "Pichler, Manfred"]
[Result "0-1"]
[WhiteElo "2122"]
[BlackElo "2086"]
[PlyCount "168"]
[EventDate "2012.10.14"]
[EventType "team-tourn"]
[EventRounds "9"]
[EventCountry "GER"]
[SourceTitle "CBM 154 Extra"]
[Source "ChessBase"]
[SourceDate "2013.06.25"]
[SourceVersion "2"]
[SourceVersionDate "2013.06.25"]
[SourceQuality "1"]
[WhiteTeam "Neutraubling Wacker"]
[BlackTeam "Halle Volksbank"]
[WhiteTeamCountry "GER"]
[BlackTeamCountry "GER"]

1. e4 d5 2. exd5 Qxd5 3. Nc3 Qa5 4. Bc4 c6 5. d3 Nf6 6. Bd2 Bf5 7. Qe2 e6 8. f3 h5 9. Nd5 Qd8 10. Ne3 Bg6 11. Nh3 Bd6 12. f4 Qe7 13. 0-0 0-0 14. Rae1 Nbd7 15. a3 Nb6 16. Ba2 Qc7 17. Kh1 Nbd5 18. Nc4 Bf5 19. Nxd6 Qxd6 20. Ng5 Bg4 21. Qf2 b6 22. Ne4 Qd8 23. c4 Nc7 24. Bc3 Nce8 25. h3 Bf5 26. Qf3 Rc8 27. b4 h4 28. Bb1 Bg6 29. Ng5 Nh5 30. Kh2 Ng3 31. Rf2 Bh5 32. Qe3 Nf5 33. Qd2 Ng3 34. Qb2 Bg6 35. Rd2 Nh5 36. Be5 Qd7 37. d4 Bxb1 38. Qxb1 g6 39. d5 cxd5 40. cxd5 exd5 41. Nf3 Rc4 42. f5 f6 43. Ba1 g5 44. Nd4 Neg7 45. Ne6 Rfc8 46. Bd4 Qd6+ 47. Kg1 Qg3 48. Be3 Re4 49. Bf2 Rxe1+ 50. Qxe1 Qxa3 51. Rxd5 Nxf5 52. Kh2 Qc3 53. Qxc3 Rxc3 54. Rxf5 Kf7 55. Nd4 Rc4 56. b5 Nf4 57. Be3 Nd3 58. Rd5 Ne5 59. Kg1 Rb4 60. Nc6 Rb1+ 61. Kf2 Rb2+ 62. Kf1 Rb1+ 63. Ke2 Ke6 64. Rd1 Rb2+ 65. Rd2 Rb3 66. Nxa7 Nc4 67. Rd3 Rb2+ 68. Bd2 Nd6 69. Rc3 Ne4 70. Rd3 Nd6 71. Kf3 Ra2 72. Bb4 Nc4 73. Nc6 Rb2 74. Bc3 Rb1 75. Kg4 Rg1 76. Nd4+ Kf7 77. Ne2 Rxg2+ 78. Kf3 Rh2 79. Ke4 Rxe2+ 80. Kd5 Ne5 81. Bxe5 Rxe5+ 82. Kc6 Re6+ 83. Kb7 f5 84. Rc3 g4 0-1

[Event "BL2-Ost 1213"]
[Site "Germany"]
[Date "2012.12.09"]
[Round "4.7"]
[White "Wichmann, Cliff"]
[Black "Pichler, Manfred"]
[Result "1-0"]
[WhiteElo "2348"]
[BlackElo "2086"]
[PlyCount "59"]
[EventDate "2012.10.14"]
[EventType "team-tourn"]
[EventRounds "9"]
[EventCountry "GER"]
[SourceTitle "CBM 154 Extra"]
[Source "ChessBase"]
[SourceDate "2013.06.25"]
[SourceVersion "2"]
[SourceVersionDate "2013.06.25"]
[SourceQuality "1"]
[WhiteTeam "Aue Nickelhuette"]
[BlackTeam "Halle Volksbank"]
[WhiteTeamCountry "GER"]
[BlackTeamCountry "GER"]

1. d4 Nf6 2. c4 e6 3. Nf3 Bb4+ 4. Nbd2 b6 5. g3 Bb7 6. Bg2 0-0 7. 0-0 Bxd2 8. Qxd2 d6 9. b4 a5 10. b5 Nbd7 11. a4 Re8 12. Rd1 Rb8 13. Ba3 Ne4 14. Qc2 Ng5 15. c5 Nxf3+ 16. exf3 Nf6 17. Rac1 dxc5 18. dxc5 Bd5 19. Qc3 Nd7 20. f4 Qf6 21. Bxd5 exd5 22. Rxd5 Qe6 23. Rcd1 Nf6 24. Re5 Qg4 25. f3 Qh3 26. Bb2 Red8 27. Rde1 h5 28. Rg5 Re8 29. Rxg7+ Kh8 30. Rg5 1-0

[Event "Sachsen-Anhalt-ch 22nd"]
[Site "Halle"]
[Date "2012.05.17"]
[Round "2"]
[White "Rickmann, David"]
[Black "Pichler, Manfred"]
[Result "1-0"]
[WhiteElo "1880"]
[BlackElo "2118"]
[PlyCount "45"]
[EventDate "2012.05.17"]
[EventType "tourn"]
[EventRounds "7"]
[EventCountry "GER"]
[SourceTitle "EXT 2013"]
[Source "ChessBase"]
[SourceDate "2012.11.22"]
[SourceVersion "1"]
[SourceVersionDate "2012.11.22"]
[SourceQuality "1"]

1. e4 d5 2. exd5 Qxd5 3. Nc3 Qa5 4. d4 c6 5. Bc4 Bf5 6. Nge2 e6 7. 0-0 Nd7 8. Bd2 Qb6 9. a4 Bd6 10. Bf4 Bxf4 11. Nxf4 Qxb2 12. Qe1 Qb4 13. Bb3 Qxd4 14. Nxe6 fxe6 15. Bxe6 0-0-0 16. Bxf5 Ngf6 17. Rd1 Qf4 18. Ne4 Kb8 19. Nd6 Nb6 20. g3 Qxa4 21. Qe7 Rxd6 22. Qxd6+ Ka8 23. Qd8+ 1-0

[Event "BL2-Nord 1112"]
[Site "Germany"]
[Date "2012.04.15"]
[Round "9.7"]
[White "Pichler, Manfred"]
[Black "Jauk, Wilhelm"]
[Result "1/2-1/2"]
[WhiteElo "2099"]
[BlackElo "2181"]
[PlyCount "122"]
[EventDate "2011.10.02"]
[EventType "team-tourn"]
[EventRounds "9"]
[EventCountry "GER"]
[SourceTitle "EXT 2015"]
[Source "ChessBase"]
[SourceDate "2014.11.20"]
[SourceVersion "1"]
[SourceVersionDate "2014.11.20"]
[SourceQuality "1"]
[WhiteTeam "Halle Volksbank"]
[BlackTeam "Oberschoeneweide"]
[WhiteTeamCountry "GER"]
[BlackTeamCountry "GER"]

1. e4 c6 2. d4 d5 3. exd5 cxd5 4. c4 Nf6 5. Nc3 e6 6. Nf3 Be7 7. cxd5 exd5 8. Bb5+ Bd7 9. Qd3 0-0 10. 0-0 Nc6 11. a3 Rc8 12. h3 Bd6 13. Bg5 Be6 14. Ba4 Ne7 15. Bxf6 gxf6 16. Nh4 Ng6 17. Bc2 Kh8 18. f4 Rg8 19. Nxg6+ fxg6 20. Qf3 Qb6 21. Qe3 Rge8 22. Ba4 Re7 23. Rf2 Bf7 24. Qd2 a6 25. Bd1 Rc4 26. Ne2 Bb8 27. b3 Rc8 28. Rc1 Rxc1 29. Qxc1 Ba7 30. Kh2 Qd6 31. b4 Be8 32. Qc8 Kg7 33. Qc3 Bb5 34. Ng3 Qc7 35. Qd2 Qc6 36. a4 Bc4 37. Ne2 Qd6 38. g3 Re4 39. Bc2 Rxe2 40. Rxe2 Bxe2 41. Qxe2 Bxd4 42. Qd2 Ba7 43. Bb3 d4 44. Bc4 Qe7 45. b5 axb5 46. Bxb5 Qe4 47. Qe2 f5 48. Bd3 Qxe2+ 49. Bxe2 b6 50. Kg2 Kf6 51. Kf3 Bb8 52. Bc4 Bd6 53. Bb5 Ba3 54. Bc4 Bc1 55. Bb5 g5 56. fxg5+ Kxg5 57. Bd3 h6 58. Bc4 Kf6 59. Bd3 Ke5 60. Bc4 Bg5 61. Bd3 Bc1 1/2-1/2

[Event "Oberliga Ost-A 1011"]
[Site "Germany"]
[Date "2011.02.27"]
[Round "8.7"]
[White "Pichler, Manfred"]
[Black "Krenz, Sarah"]
[Result "1-0"]
[WhiteElo "2082"]
[BlackElo "2032"]
[PlyCount "59"]
[EventDate "2010.10.24"]
[EventType "team-tourn"]
[EventRounds "11"]
[EventCountry "GER"]
[SourceTitle "EXT 2012"]
[Source "ChessBase"]
[SourceDate "2011.11.24"]
[SourceVersion "1"]
[SourceVersionDate "2011.11.24"]
[SourceQuality "1"]
[WhiteTeam "Halle USV"]
[BlackTeam "Leipzig VfB"]
[WhiteTeamCountry "GER"]
[BlackTeamCountry "GER"]

1. e4 d6 2. d4 Nf6 3. Nc3 g6 4. f4 Bg7 5. Nf3 c5 6. d5 0-0 7. Be2 a6 8. a4 Qc7 9. 0-0 Nbd7 10. Kh1 Rb8 11. Qe1 e6 12. dxe6 fxe6 13. Ng5 Re8 14. f5 Ne5 15. fxg6 Nxg6 16. Qg3 Re7 17. e5 dxe5 18. Nce4 Nxe4 19. Nxe4 Nf4 20. Bxf4 exf4 21. Rxf4 e5 22. Rh4 Kh8 23. Bd3 Bf5 24. Qg5 Rf8 25. Rf1 Bxe4 26. Rxf8+ Bxf8 27. Rxe4 Bg7 28. Rh4 e4 29. Qf5 Kg8 30. Bc4+ 1-0